| 000 | 00447nam a2200157 i 4500 | ||
|---|---|---|---|
| 001 | 43612 | ||
| 003 | ES-MaACL | ||
| 005 | 20240224062536.0 | ||
| 007 | t| | ||
| 008 | 030318s1882 it ||||1| ita d | ||
| 100 | 1 |
_aCervantes Saavedra, Miguel de, _d1547-1616 _9226514 |
|
| 245 | 1 | 0 |
_aPreziosa-Cornelia _b: racconti / _cMiguel de Cervantes Saavedra. |
| 260 |
_aMilano : _bSonzogno, _c1882. |
||
| 852 |
_aES-MaACL _jT-600-F-1 |
||
| 999 |
_c43612 _d43612 |
||